LEADER 01250nam a2200301 u 4500 001 000000041962 003 CaOOAMICUS 005 20070226114255.0 008 990217s1980 gw fh u000 u ger u 020 $a3882120169 035 $a10814435 040 $aPUL$bita 100 1 $aSiems, Harald.$0(OLS)http://pul/name/14971 245 10$aStudien zur Lex Frisionum /$cHarald Siems. 260 $aEbelsbach :$bR. Gremer,$c1980. 300 $axvi, 431 p., [12] p. di tav. :$bfacs. ;$c24 cm 490 1 $aAbhandlungen zur rechtswissenschaftlichen Grundlagenforschung ;$v42 500 $aContiene indici. 504 $a"Quellenverzeichnis": pp. 372-413. 630 04$aLex Frisionum.$0(OLS)http://pul/subject/13758 830 0$aAbhandlungen zur rechtswissenschaftlichen Grundlagenforschung ;$v42.$0(OLS)http://pul/title/53301 850 $aPUL 852 $aPUL$W1$xSL Diritto e Scienze Sociali 1$y4$m182 D 58$j56776$nBK-PRI$b $qStampati$B56776$CPULBib$Z2$F56776 $H $81 941 1 $a8 961 $aINV: 49109 996 $6020$a3882120169$9(OLS)http://pul/number/52341 996 $6245$aStudien zur Lex Frisionum$9(OLS)http://pul/title/56623 996 $6260$aEbelsbach :$bR. Gremer$9(OLS)http://pul/publisher/63992 LEADER 01003nam a2200277 a 4500 001 000000169327 003 CaOOAMICUS 005 20180921114722.0 008 180921s1982 it u000 u ita r 032 $aLibriCat 040 $aPUL$bita 041 1 $aita$afre$hfre 100 1 $aGenet, Jean.$0(OLS)http://pul/name/109061 245 10$aPoesie /$cJean Genet ; a cura di Giancarlo Pavanello. 260 $aParma :$bGuanda,$cİ1982. 300 $a114 p. ;$c20 cm. 490 1 $aQuaderni della Fenice ;$v91 546 $aTesto originale a fronte. 700 1 $aPavanello, Giancarlo.$0(OLS)http://pul/name/40309 830 0$aQuaderni della Fenice ;$v91.$0(OLS)http://pul/title/77624 850 $aPUL 852 $aPUL$W1$xDP1 Fondo Dalla Palma$y117$m9 D 75$j192433$qFondi$B197308$CPULBib$Z2$F197308 $HDal433 $81 941 1 $a1 996 $6245$aPoesie$9(OLS)http://pul/title/12941 996 $6260$aParma :$bGuanda$9(OLS)http://pul/publisher/49323